1253 1537 1233 1656 1200 1601 1128 1976 1627 1699 1834 1325 1044 1878 1970 1922 1464 1250 1493 1426 1158 1670 1096 1378 1961 1922 1195 1812 1045 1392 1159 1239 1773 1320 1395 1959 1773 1841 1274 1593 1294 1028 1762 1730 1530 1824 1437 1311 1551 1476 1377 1501 1061 1018 1559 1570 1126 1344 1440 1696 1196 1658 1581 1844 1601 1079 1753 1128 1922 1149 1759 1335 1319 1774 1753 1729 1989 1582 1356 1703 1745 1937 1362 1311 1211 1766 1180 1856 1779 1258 1098 1480 1373 1657 1488 1687 1141 1729 1688 BCNSPRNW ULIB Ver.6.0+V

เปลี่ยนเป็นภาษาไทย

Change to English
 แสดงรายละเอียดบรรณานุกรม
  กลับหน้าหลัก

Brief Record : Get Marc (ISO 2709) : E-mail record : QR code < ปิดหน้าต่าง
LEADER : 00000nam 2200000uu 4500
001    13399124550
003     ULIB
008    150918s2557||||th 000 0 tha d
020    ^a9786167741147
060 04 ^aWY100^bก492 ล.1
245 00 ^aการพยาบาลพื้นฐาน ^nเล่ม 1. Fundamentals of nursing I/^cบรรณาธิการ, สุมาลี โพธิ์ทอง, แน่งน้อย สมเจริญ และ อภิสรา จังพานิช
250    ^aพิมพ์ครั้งที่ 1.
260    ^aกรุงเทพ :^bภาควิชาการบริหารการพยาบาลและพื้นฐานวิชาชีพ คณะพยาบาลศาสตร์เกื้อการุณย์ มหาวิทยาลัยนวมินทราธิราช,^c2557.
300    ^a182 หน้า :^bภาพประกอบ ;^c26 ซม.
500    ^aพื้นฐานการพยาบาล
505 0  ^aบทบาทหน้าที่ความรับผิดชอบของพยาบาลในระบบบริการสุขภาพและการตอบสนองความต้องการขั้นพื้นฐานของบุคคล 2.บทบาทพยาบาลในการป้องกันและการควบคุมการติดเชื้อ 3.การพยาบาลเพื่อตอบสนองความต้องการด้านความสุขสบายความปลอดภัยของผู้ป่วย การจัดสภาพแวดล้อมและการดูแลสุขวิทยาส่วนบุคคล 4.บทบาทพยาบาลเพื่อตอบสนองความต้องการด้านการเคลื่อนไหวและฟื้นฟูสภาพร่างกาย 5.บทบาทพยาบาลกับสัญญาณชีพ 6.การประเมินและการดูแลช่วยเหลือบุคคลที่มีปัญหาเกี่ยวกับการได้รับสารอาหารและน้ำ
650  4 ^aพยาบาล
650  4 ^aการพยาบาล, การบริการ
700 0  ^aสุมาลี โพธิ์ทอง,^eบรรณาธิการ
700 0  ^aแน่งน้อย สมเจริญ,^eบรรณาธิการ
700 0  ^aอภิสรา จังพานิช,^eบรรณาธิการ
710 2  ^aมหาวิทยาลัยนวมินทราธิราช.^bคณะพยาบาลศาสตร์เกื้อการุณย์
945    ^p220^l0^i039825
945    ^p220^l0^i039824
945    ^p220^l0^i039823
945    ^p220^l0^i039822
945    ^p220^l0^i039821
945    ^p220^l0^i039820
945    ^p220^l0^i039819
945    ^p220^l0^i039818
945    ^p220^l0^i039817
945    ^p220^l0^i039816
999    ^aเกษร โพธิ์สุวรรณ
รายการนี้ยังไม่มีแท็ก
คุณยังไม่ได้ล็อกอิน คุณสามารถมีกิจกรรมร่วมกับเว็บไซต์ได้ แต่ต้องล็อกอินก่อน ::
  ล็อกอิน

รายการสื่อสารสนเทศ

ลำดับที่ ประเภท เลขเรียก/บาร์โค้ด สถานที่ สถานะ
1. Book การพยาบาล
Book การพยาบาล
สถานะ=หนังสือเก่า
WY100 ก492 ล.1 ฉ.1 
  Barcode: 039816
ห้องสมุดวิทยาเขตสวรรค์ประชารักษ์
►ส่วนจัดเก็บหนังสือเก่า สปร
บนชั้น
  ขอยืม
2. Book การพยาบาล
Book การพยาบาล
สถานะ=หนังสือเก่า
WY100 ก492 ล.1 ฉ.10 
  Barcode: 039825
ห้องสมุดวิทยาเขตสวรรค์ประชารักษ์
►ส่วนจัดเก็บหนังสือเก่า สปร
บนชั้น
  ขอยืม
3. Book การพยาบาล
Book การพยาบาล
สถานะ=หนังสือเก่า
WY100 ก492 ล.1 ฉ.2 
  Barcode: 039817
ห้องสมุดวิทยาเขตสวรรค์ประชารักษ์
►ส่วนจัดเก็บหนังสือเก่า สปร
บนชั้น
  ขอยืม
4. Book การพยาบาล
Book การพยาบาล
สถานะ=หนังสือเก่า
WY100 ก492 ล.1 ฉ.3 
  Barcode: 039818
ห้องสมุดวิทยาเขตสวรรค์ประชารักษ์
►ส่วนจัดเก็บหนังสือเก่า สปร
บนชั้น
  ขอยืม
5. Book การพยาบาล
Book การพยาบาล
สถานะ=หนังสือเก่า
WY100 ก492 ล.1 ฉ.4 
  Barcode: 039819
ห้องสมุดวิทยาเขตสวรรค์ประชารักษ์
►ส่วนจัดเก็บหนังสือเก่า สปร
บนชั้น
  ขอยืม
6. Book การพยาบาล
Book การพยาบาล
สถานะ=หนังสือเก่า
WY100 ก492 ล.1 ฉ.5 
  Barcode: 039820
ห้องสมุดวิทยาเขตสวรรค์ประชารักษ์
►ส่วนจัดเก็บหนังสือเก่า สปร
บนชั้น
  ขอยืม
7. Book การพยาบาล
Book การพยาบาล
สถานะ=หนังสือเก่า
WY100 ก492 ล.1 ฉ.6 
  Barcode: 039821
ห้องสมุดวิทยาเขตสวรรค์ประชารักษ์
►ส่วนจัดเก็บหนังสือเก่า สปร
บนชั้น
  ขอยืม
8. Book การพยาบาล
Book การพยาบาล
สถานะ=หนังสือเก่า
WY100 ก492 ล.1 ฉ.7 
  Barcode: 039822
ห้องสมุดวิทยาเขตสวรรค์ประชารักษ์
►ส่วนจัดเก็บหนังสือเก่า สปร
บนชั้น
  ขอยืม
9. Book การพยาบาล
Book การพยาบาล
สถานะ=หนังสือเก่า
WY100 ก492 ล.1 ฉ.8 
  Barcode: 039823
ห้องสมุดวิทยาเขตสวรรค์ประชารักษ์
►ส่วนจัดเก็บหนังสือเก่า สปร
บนชั้น
  ขอยืม
10. Book การพยาบาล
Book การพยาบาล
สถานะ=หนังสือเก่า
WY100 ก492 ล.1 ฉ.9 
  Barcode: 039824
ห้องสมุดวิทยาเขตสวรรค์ประชารักษ์
►ส่วนจัดเก็บหนังสือเก่า สปร
บนชั้น
  ขอยืม

รายการใกล้เคียง
    หัวเรื่อง [พยาบาล]
    หัวเรื่อง [การพยาบาล, การบริการ]

BibComment


ยังไม่เคยถูกคอมเมนท์

คอมเมนท์ทรัพยากรรายการนี้
  คอมเมนท์: การพยาบาลพื้นฐาน..


 Copyright 2026. Bcnsprnw @Library